00546nam a22001457a 450000500170000000800410001704100130005808200140007110000250008524501660011025000200027626000470029630000320034365000250037520231102134452.0231102b |||||||| |||| 00| 0 eng d aEnglish  a346.6 HAH aHahlo, HR lEnglish  aCompany Law through the cases : bA collection of leading English and South African cases on Company Law together with explanatory notes and comments /cHR Hahlo aSecond Edition  aCape Town : bJuta and Company Ltd, c1969 bxxxvi, 577 pages ; c26 cm. aLegal practice bLaw